000 00946nam a2200265 i 4500
003 DO-SdBNP
005 20250912090004.0
007 ta
008 220802e200? dr aob gry||| 00| 0 spa d
040 _aDO-SdBNP
_bspa
_cBNPHU
_erdad
041 _aspa
082 4 _axxx
_bF981f
_222
245 0 0 _aFundación Falcondo :
_binforme anual 2006 /
264 _aSanto Domingo, República Dominicana
_bFundación Falcondo,
_c[2006]
300 _a77 páginas :
_bilustraciones, fotografías, mapa, retratos ;
_c28 cm.
336 _atexto
_btxt
_2rdacontent
337 _asin mediación
_bn
_2rdamedia
338 _avolumen
_bnc
_2rdacarrier
590 _aInventariado 2022 / MF
651 2 _aFundación Falcondo (República Dominicana)
_vInforme Técnico
_y2006
_982141
651 2 _aFundación Falcondo (República Dominicana
_vAnuarios
_982143
710 2 _aFundación Falcondo (República Dominicana)
_982142
910 _aMFeliz
942 _2ddc
_cLBS1
999 _c52258
_d52258